00370 2200157 4500245004100000020001900041250001100060100001800071650001600089005001900105260003000124041001400154084000800168300002700176336000900203 aRea's NightmarecNadia GirsanghText a979-3600-055-5 aCet. 2 aNadia Girsang aNovel Fiksi a20230110100649 aJakartabGagasMediac2006 aIndonesia a813 avi, 158 hlm. :c19 cm. atext